000 00884nac a22002777a 4500
001 BR0100321
003 BR-BrBNA
005 20240105122503.0
008 230509b bl.|||m| |||| 00| 0 por d
040 _aBR-BrBNA
_bpor
_cBiblioteca Nacional de Agricultura
072 _aH10
090 _a1410 BR0100321
100 1 _aYiokoyama, M.
100 1 _aStefano, J.G.D.
110 1 _aEMBRAPA Arroz e Feijao, Goiania, GO (Brasil)
_93568
245 1 _aEficiencia do inseticida thiamethoxan no controle da mosca-branca na cultura do feijoeiro
260 3 _aGoiania, GO (Brasil):
_c1998.
300 _a2 p.
490 _aPesquisa em Foco - EMBRAPA Arroz e Feijao (Brazil)
_vno. 27
_xISSN 1415-2304
650 _aFeijao
650 _aMosca Branca
650 _aInseticida
650 _aProducao Vegetal
909 _a202312
_bLúcia Elande
_c55
_dLúcia Elande
942 _2AGRIS
_n0
_cMS
999 _c291288
_d291288